Statistiques concernant Mers et Océans du monde - Difficile - Carte

Cliquez ici pour prendre le quiz!

Statistiques générales

  • Ce quiz a été pris 4 671 fois
  • Le résultat moyen est 40 sur 100

Réponses sur la Carte

Les réponses sont colorées sur une échelle allant du rouge au vert en fonction du pourcentage des utilisateurs qui les ont devinées à leur premier essai. Vous pouvez retrouver ces pourcentages ci-dessous.
 

Statistiques - réponses

Body of Water% Correct
Océan Atlantique
95%
Océan Indien
94%
Océan Pacifique
94%
Mer Noire
91%
Mer Rouge
89%
Mer du Nord
84%
Océan Arctique
80%
Manche
78%
Mer Méditerranée
78%
Mer des Caraïbes
76%
Mer Baltique
75%
Mer Caspienne
73%
Golfe du Mexique
71%
Mer du Japon
69%
Mer Egée
69%
Mer adriatique
66%
Golfe de Panama
65%
Golfe Persique
61%
Mer de Béring
60%
Mer de Chine Méridionale
59%
Golfe de Guinée
58%
Mer de Chine Orientale
57%
Mer Jaune
54%
Golfe de Gascogne
53%
Mer de Norvège
53%
Golfe de Suez
52%
Mer d'Irlande
52%
Mer deTasmanie
50%
Mer du Groenland
50%
Canal du Mozambique
49%
Golfe de Californie
48%
Golfe du Bengale
47%
Baie d'Hudson
46%
Détroit d'Hudson
46%
Mer des Philippines
45%
Golfe d'Alaska
44%
Mer Blanche
44%
Mer de Corail
43%
Mer Ionienne
43%
Détroit de Malacca
41%
Golfe d'Oman
41%
Mer d'Azov
41%
Mer Celtique
39%
Mer de Java
39%
Golfe de Finlande
38%
Mer arabique
37%
Mer Tyrrhénienne
37%
Mer de Marmara
36%
Mer des Baléares
36%
Golfe d'Aden
35%
Golfe de Saint. Laurent
35%
Golfe de Thailande
35%
Mer du Labrador
35%
Golfe de Botnie
33%
Mer de Barents
33%
Baie de Baffin
32%
Río de la Plata
31%
Mer de Célèbes
29%
Grande Baie Australienne
28%
Mer d'Okhotsk
28%
Mer de Ligure
27%
Mer de Timor
27%
Détroit de Bass
26%
Mer de Kara
26%
Mer des Salomon
26%
Baie de San Francisco
25%
Mer de Beaufort
25%
Mer de Sibérie Orientale
25%
Mer d'Andaman
24%
Passage du Nord-Ouest
24%
Mer d'Alboran
23%
Mer des Tchouktches
23%
Mer de Bismarck
22%
Mer de Laptev
22%
Golfe de Riga
21%
Mer de Banda
21%
Mer des Laquedives
21%
Mer de Sulu
21%
Détroit de Cook
20%
Mer d'Arafura
20%
Baie de Fundy
19%
Baie de Tokyo
19%
Golfe de Carpentarie
19%
Golfe de Maine
19%
Détroit de Davis
18%
Mer des Moluques
18%
Cattégat
17%
Golfe d'Aqaba
17%
Golfe de Tonkin
17%
Mer de Florès
17%
Détroit de Macassar
16%
Mer des Salish
15%
Mer de Petchora
14%
Mer de Savu
14%
Skagerrak
14%
Golfe d'Anadyr
13%
Mer de Céram
13%
Golfe de Boni
12%
Golfe de Tomini
11%
Mer de Halmahera
10%

Distribution des résultats

Percentile par nombre de réponses

% des personnes avec chaque résultat

Votre développement - résultats

Vous n’avez pas pris ce quiz